000 00488cas a22001935a 4500
001 ##L99132
008 070802c1983 xxkmr p 0 a0eng
022 1 _a0269-0039
035 _a(Sirsi) u99132
041 0 _aeng
245 0 0 _aConstruction Industry Law Letter
260 3 _aColchester
_bInforma
_c1983-
362 _aMay 1983-December 2007
554 _aTen per year
651 4 _aEngland and Wales
_y1543-
690 _aBUILT ENVIRONMENT
942 _n0
948 _c18/02/1994
999 _c118673
_d118673